LEADER 01713nam a2200361 a 4500 001 000000129074 003 CaOOAMICUS 005 20140127130003.0 008 120525s2012 it u000 u ita r 020 $a978-88-348-2559-4 040 $aPUL$bita 041 0 $aita$aeng 082 04$a342.45 245 02$aI diritti cultural-religiosi dall'Africa all'Europa /$ca cura di Francesco Alicino, Federica Botti. 260 $aTorino :$bG. Giappichelli,$c©2012. 300 $aVII, 426 p. ;$c24 cm. 546 $aAbstract in inglese alla fine di ogni contributo. 650 4$aImmigrati$xDiritto$zItalia.$0(OLS)http://pul/subject/33617 650 04$aLibertà religiosa$zEuropa.$0(OLS)http://pul/subject/20324 700 1 $aAlicino, Francesco.$0(OLS)http://pul/name/82597 700 1 $aBotti, Federica.$0(OLS)http://pul/name/81954 850 $aPUL 852 $aPUL$W1$xSL Diritto e Scienze Sociali 3$y79$m342. 45 ALIFR 1$j149453$qDDC 21$q $B147990$CPULBib$Z2$F147990 $H119886 $81 852 $aPUL$W1$xSL Diritto e Scienze Sociali 3$y79$m323. 4 ALIFR 1$j158152$a2. copia$qDDC 21$B157571$CPULBib$Z2$F157571 $H123355 $82 852 $aPUL$W1$xDP1 Fondo G. Barberini$y122$m3 G 85$j166767$b3 copia$qFondi$B179750$CPULBib$Z2$F179750 $HBar2061 $82 941 1 $a9 941 1 $a1 996 $6020$a978-88-348-2559-4$9(OLS)http://pul/number/149826 996 $6082$a342.45$9(OLS)http://pul/classification/377 996 $6245$aI diritti cultural-religiosi dall'Africa all'Europa$9(OLS)http://pul/title/163095 996 $6260$aTorino :$bG. Giappichelli$9(OLS)http://pul/publisher/49130 LEADER 01202nam a2200277 a 4500 001 000000168075 003 CaOOAMICUS 005 20180607120451.0 008 180607s1968 fr u000 u fre r 032 $aLibriCat 040 $aPUL$bita 100 1 $aSimonis, Yvan.$0(OLS)http://pul/name/108230 245 10$aClaude Levi-Strauss ou La passion de l'inceste : $bintroduction au structuralisme /$cYvan Simonis. 260 $aParis :$bAubier-Montaigne,$c©1968. 300 $a380 p. ;$c20 cm. 490 1 $aRecherches économiques et sociales 504 $aBibliografia in nota. 600 14$aLévi-Strauss, Claude,$d1908-$0(OLS)http://pul/subject/8736 650 4$aStrutturalismo.$0(OLS)http://pul/subject/477 830 0$aRecherches économiques et sociales.$0(OLS)http://pul/title/208266 850 $aPUL 852 $aPUL$W1$xDP1 Fondo Dalla Palma$y117$m4 A 74$j163166$qFondi$B195892$CPULBib$Z2$F195892 $HDal2599 $81 941 1 $a1 996 $6245$aClaude Levi-Strauss ou La passion de l'inceste : $bintroduction au structuralisme$9(OLS)http://pul/title/208265 996 $6260$aParis :$bAubier-Montaigne$9(OLS)http://pul/publisher/47976